000 00348nam a22001697a 4500
003 UA-OsUOA
001 4192
007 ta
008 20050721b un ||||| |||| 00| 0 ukr d
100 _aShakespeare
700 _aWilliam
942 _cBK
040 _aUA-OsUOA
_cUA-OsUOA
_dUA-OsUOA
245 _aMacbeth.
_bReading
955 _a2
650 7 _2UDC
999 _c290354
_d290354